000 00616nam a2200181 i 4500
001 bg
100 1 _aBUCHMAN, Kazimierz
245 0 _aPrzekazywanie ciepła w urządzeniach wytwórczych /
_cKazimierz Buchman, Gunter Jungnickel.
260 _aWrocław,
_c1978.
490 1 _aPrace Naukowe Instytutu Technologii Budowy Maszyn Politechniki Wrocławskiej ;
_vnr 20
700 1 _aJUNGNICKEL, Gunter
830 _aPrace Naukowe Instytutu Technologii Budowy Maszyn Politechniki Wrocławskiej ;
040 _cBPK
041 _apol
080 _a621.9:536
942 _cKS
008 s pl f |000 0 pol
999 _c18454
_d18454
856 _uhttp://koha.tu.koszalin.pl/cgi-bin/koha/opac-detail.pl?biblionumber=18454
_yKatalog online BPK